000 00560 a2200181 4500
020 _a0007119291
_c575.60
035 _aB-211594
037 _bRP-ZLS-2783 / UBH-07-08:6 / RP-07-08:ENG
082 1 4 _aN
090 _c4980
_d4980
100 1 _aChristies, Agatha
245 1 _aThe ABC murders
_cby Agatha Christies
260 _aLondon
_bHarper Collins Publishers
_c2001
300 _a331 p
_c18 cm (pbk)
490 _aAgatha Christies
942 _adpl
_cEN
_kN / CHI
999 _c4885
_d4885